| 000 | 00335 a2200133 4500 | ||
|---|---|---|---|
| 001 | 78455 | ||
| 082 | _a629.13238 HIL | ||
| 090 |
_c39399 _d39399 |
||
| 100 | _aHill P.G | ||
| 245 | _aMechanics & Thermodynamics of propulsion 2nd Ed | ||
| 260 |
_aUSA _bAddison Wesley _c1992 |
||
| 300 | _a765p. | ||
| 500 | _aBE textbook Aerospace | ||
| 942 |
_aNUST-CAE _k629.13238 HIL |
||
| 999 |
_c313528 _d313528 |
||